000 00260 a2200121 4500
001 48683
040 _cAnchieta - Bela Vista
240 1 0 _aA Bela e a Fera
_lpor
245 1 0 _aA Bela e a Fera
440 1 _aGirassol
650 4 _aLiteratura infantil
942 _cBK
999 _c48683
_d48683